01376nab a22002657a 4500999001500000003000400015005001700019008004100036040000700077100003400084245012100118260007300239300001300312500003600325505032900361505008200690650002300772650003200795650003300827650002300860650003200883650002800915773015400943942001301097 c5572d5572OSt20251218114741.0190429b xxu||||| |||| 00| 0 spa d cPJ 96550aPeláez Moll, Germán10aEl cambio de paradigma en la introducción del concepto de violencia de género digital /cGermán Peláez Moll. cCiudad Autónoma de Buenos Aires :aThomson Reuters La Ley, b2025. ap. 59-66 aCita: TR LALEY AR/DOC/726/2025. aSumario: I. Introducción.— II. Cambios tecnológicos, sociales y criminales. — III. Prevención de daños digitales y libertad de expresión.— IV. Las conductas más frecuentes de violencia de género digital.— V. El cambio de paradigma de las Leyes Olimpia y el proyecto de Ley Belén.— VI. Conclusión. tSi te interesa el texto completo, solicitalo a koha@justierradelfuego.gov.ar  09343aDERECHO PENAL 093053aVIOLENCIA DE GÉNERO 096081aCIENCIA Y TECNOLOGÍA 095731aACOSO SEXUAL 091260aLIBERTAD DE EXPRESION 096528aVIOLENCIA DIGITAL0 0265893164tRevista de derecho penal y criminología. Nº 4 - Mayo 2025dCiudad Autónoma de Buenos Aires : Thomson Reuters La Ley, 2017-x00347914 2udccANA